00449nam a2200121Ia 4500008004100000100003000041245004600071245003100117260000900148856007800157999001900235952007300254160531s9999 xx 000 0 und d aPahlavani, Mohammad Reza. aTheoretical Concepts of Quantum Mechanics cby Mohammad Reza Pahlavani c2012 uhttp://www.intechopen.com/books/theoretical-concepts-of-quantum-mechanics c295261d295261 001040aCLbCLd2016-05-31l0r2016-05-31 00:00:00w2016-05-31yCBE